| 000 | 01302nam0a2200301 4500 | ||
|---|---|---|---|
| 001 | RU\NLR\bibl\174815 | ||
| 005 | 20260408191321.0 | ||
| 010 |
_a5-88161-063-6 _9100 |
||
| 021 |
_aRU _b2001-1860 _9100 |
||
| 035 | _a(NLR Aleph) 000171555 | ||
| 090 |
_a988783 _c988783 |
||
| 100 | _a20010807d2001 k y0rusy50 ca | ||
| 101 | 0 | _arus | |
| 102 | _aRU | ||
| 105 | _ay ||||||||| | ||
| 200 | 1 |
_aИсториография современной политической истории России _fД.Н. Александров _g[Рос. акад. естеств. наук. Отд-ние "Сословные и нац. традиции"] |
|
| 210 |
_aМ. _cЭкслибрис-Пресс _d2001 |
||
| 215 |
_a16 с. _d20 |
||
| 320 | _aБиблиогр. в подстроч. примеч. | ||
| 606 |
_8rus _aПолитические процессы (ист.) _yРоссийская Федерация _xИсториография _7ca _3RU\NLR\auth\661268532 _92096702 |
||
| 686 | _aФ3(2)3г | ||
| 700 | 1 |
_4070 _8rus _7ca _aАлександров _bД. Н. _cд-р ист. наук _f1971- _gДмитрий Николаевич _3RU\NLR\auth\7733413 _916421 |
|
| 801 | 0 |
_aRU _bNLR _c20010807 _gPSBO |
|
| 801 | 1 |
_aRU _bNLR _c20010807 |
|
| 830 | _aАвт. по кн. | ||
| 942 | _cBOOK | ||
| 980 | _aNB | ||